Diccionario de psicología /

Salvato in:
Dettagli Bibliografici
Autore principale: Merani, Alberto L. (autor)
Natura: Libro
Lingua:spagnolo
Pubblicazione: México : Grijalbo, 1979, c1979
Serie:(Tratados y Manuales Grijalbo)
Soggetti:
Tags: Aggiungi Tag
Nessun Tag, puoi essere il primo ad aggiungerne!!

MARC

LEADER 00000nam^a2200000^a^4500
001 000265281
005 20250521000000.0
009 20260526133824.652
020 |a 970-05-0137-X 
025 |a Donación Anita Nielsen, 1 ejemplar 
037 |a Acervo ITESO - Biblioteca 
041 |a ESP 
082 |a 150. 3  |b MER 
100 |a Merani, Alberto L.  |e (autor) 
245 1 0 |a Diccionario de psicología /  |c A.L. Merani. 
264 4 |a México :  |b Grijalbo,  |c 1979, c1979 
300 |a VIII, 270 p. 
336 |a texto  |b txt  |2 rdacontenido 
337 |a sin mediación  |b n  |2 rdamedio 
338 |a volumen  |b nc  |2 rdasoporte 
440 1 |a (Tratados y Manuales Grijalbo) 
649 |a XX 
650 |a Psicología -  |x Enciclopedias y Diccionarios 
650 |a Enciclopedias y Diccionarios 
910 |a Fondo General 
920 |a Impresos - Libros 
930 |a Obras de Referencia 
905 |a 102 
901 |a 0500147732  |b IT2  |c REF  |i D  |u 20250521 
902 |a https://opac.biblio.iteso.mx/vufind/Record/000265281